[Event "18th ch-EUR Indiv 2017"]
[Site "Minsk BLR"]
[Date "2017.06.06"]
[Round "7.4"]
[White "Kuzubov,Y"]
[Black "Anton Guijarro,D"]
[Result "0-1"]
[WhiteElo "2637"]
[BlackElo "2660"]

1.g3 c5 2.Bg2 Nc6 3.c4 g6 4.Nf3 Bg7 5.O-O d6 6.Nc3 Bf5 7.h3 Rb8 8.d3 Nf6 9.Be3
O-O 10.Qd2 a6 11.Bh6 b5 12.Nd5 Re8 13.Bxg7 Kxg7 14.Nxf6 exf6 15.b3 bxc4
16.dxc4 Be4 17.e3 a5 18.Rfd1 Re6 19.Qc3 h6 20.Ne1 Bxg2 21.Kxg2 Qc7 22.Nd3 g5
23.Kh2 a4 24.bxa4 Qa5 25.Qc2 Nb4 26.Qd2 Qxa4 27.Rdb1 Nc6 28.Rxb8 Nxb8 29.Nb2
Qa3 30.Nd1 Nc6 31.Qc2 Ne5 32.Nc3 Qa6 33.Nd5 Qxc4 34.Qxc4 Nxc4 35.a4 Na5 36.Nc7
Re7 37.Nb5 Rd7 38.Rd1 d5 39.Nc3 d4 40.exd4 cxd4 41.Ne4 f5 42.Nc5 Rc7 43.Rc1
Rc6 44.Kg2 Kf6 45.Kf3 Ke5 46.Nd3+ Kd6 47.Rb1 Rc3 48.Ke2 Nb3 49.a5 Nxa5 50.Rb5
Nc4 51.Rxf5 Ke6 52.g4 f6 53.Rb5 Rc2+ 54.Ke1 Ra2 55.f4 Ra5 56.Rb8 Kd5 57.Ke2
Ra2+ 58.Kf3 Nd2+ 59.Ke2 Nb1+ 60.Kf3 Ra3 61.Ke2 Nc3+ 62.Kf3 Na4 63.Ke2 Ra2+
64.Kf3 Kc4 65.fxg5 hxg5 66.Nf2 Ra3+ 67.Kg2 Nc5 68.Rf8 Ra6 69.h4 gxh4 70.Kh3
Ra3+ 71.Kxh4 Rf3 72.Nh3 d3 73.Rd8 Ne4 74.Rc8+ Kd4 75.Rc1 d2 76.Ra1 Nc3 77.g5
fxg5+ 78.Kg4 Rf8 79.Nxg5 Rg8 {#R} 0-1

[Event "18th ch-EUR Indiv 2017"]
[Site "Minsk BLR"]
[Date "2017.06.06"]
[Round "7.23"]
[White "Jobava,Ba"]
[Black "Ter Sahakyan,S"]
[Result "1-0"]
[WhiteElo "2713"]
[BlackElo "2598"]

1.b3 e5 2.Bb2 Nc6 3.e3 Nf6 4.h3 d5 5.Bb5 Bd6 6.Nf3 Qe7 7.d4 exd4 8.Qxd4 O-O
9.Bxc6 bxc6 10.Nbd2 Re8 11.O-O a5 12.c4 Bf5 13.Rfd1 a4 14.Rac1 c5 15.Qh4 c6
16.Bxf6 Qxf6 17.Qxf6 gxf6 18.bxa4 Be6 19.Nb3 Rxa4 20.cxd5 Bxd5 21.Nxc5 Rxa2
22.Nd4 Bg3 23.Nd3 Bh4 24.Nf5 Bb3 25.Rf1 Bg5 26.f4 Rd8 27.Nb4 Rb2 28.Nxc6 {#r}
1-0

[Event "12th American Continental"]
[Site "Medellin COL"]
[Date "2017.06.11"]
[Round "2.34"]
[White "Terry,R"]
[Black "Madeira,W"]
[Result "1-0"]
[WhiteElo "2454"]
[BlackElo "2185"]

1.b3 Nf6 2.Bb2 g6 3.Bxf6 exf6 4.c4 Bg7 5.Nc3 O-O 6.g3 d6 7.Bg2 Nd7 8.e3 f5
9.Nge2 Re8 10.O-O Nf6 11.d3 h5 12.Rc1 h4 13.gxh4 c6 14.Nf4 Nh7 15.b4 Qxh4
16.b5 Bd7 17.Qf3 Ng5 18.Qg3 Qh6 19.bxc6 bxc6 20.Nce2 Ne6 21.Nxe6 Rxe6 22.Rb1
Be5 23.Qh3 Qxh3 24.Bxh3 Ree8 25.Rb7 Be6 26.Bg2 d5 27.cxd5 cxd5 28.d4 Bg7 29.a4
Red8 30.Rb5 g5 31.Bxd5 {#r} 1-0

[Event "8th Dolomiti Open 2017"]
[Site "Forni di Sopra ITA"]
[Date "2017.06.12"]
[Round "3.12"]
[White "Medancic,R"]
[Black "Basso,Pier Luigi"]
[Result "0-1"]
[WhiteElo "2221"]
[BlackElo "2448"]

1.b3 d5 2.Bb2 Nf6 3.f4 Bg4 4.h3 Bc8 5.e3 Ne4 6.Qf3 e5 7.Ne2 exf4 8.exf4 Bc5
9.d4 Bb4+ 10.Nbc3 Bxc3+ 11.Bxc3 a5 12.O-O-O O-O 13.Bb2 a4 14.Nc3 axb3 15.axb3
Bf5 16.Bd3 Nxc3 17.Bxc3 Bxd3 18.cxd3 Qd6 19.Qf2 Ra3 20.Qb2 Nc6 21.Kc2 b5
22.Bd2 b4 23.Ra1 Rfa8 24.Rxa3 bxa3 25.Qc3 Qf6 26.Be3 h5 27.g4 Rb8 28.f5 Nb4+
29.Kd2 Qd6 30.gxh5 Qg3 31.Re1 a2 {#R} 0-1

[Event "10th Mayors Cup Open 2017"]
[Site "Mumbai IND"]
[Date "2017.06.07"]
[Round "6.9"]
[White "Deviatkin,A"]
[Black "Raahul,V S"]
[Result "1-0"]
[WhiteElo "2481"]
[BlackElo "2311"]

1.b3 e5 2.Bb2 Nc6 3.e3 d5 4.Bb5 Bd6 5.f4 Qe7 6.Nf3 Bg4 7.fxe5 Bxe5 8.Bxe5 Bxf3
9.Qxf3 Qxe5 10.Nc3 Nf6 11.O-O Qd6 12.Qh3 O-O 13.Bd3 Rfc8 14.Rxf6 Qxf6 15.Qxh7+
Kf8 16.Qh8+ Ke7 17.Qxc8 Rxc8 18.Nxd5+ Ke6 19.Nxf6 Kxf6 20.Be4 Nd8 21.Kf2 c5
22.Ke2 Ke5 23.Bd3 Rc6 24.Rf1 Rh6 25.h3 g6 26.a3 Rh4 27.c3 f5 28.Bc4 Nc6 29.d4+
Kd6 30.Kd3 a6 31.b4 cxb4 32.axb4 Ne7 33.Rf4 Rh8 34.h4 Rc8 35.g3 Nd5 36.Bxd5
Kxd5 37.h5 {#r} 1-0

[Event "FSGM June 2017"]
[Site "Budapest HUN"]
[Date "2017.06.09"]
[Round "7.4"]
[White "Sean,W"]
[Black "Havasi,Gergo"]
[Result "1-0"]
[WhiteElo "2406"]
[BlackElo "2393"]

1.b3 d5 2.Bb2 Nf6 3.e3 c6 4.f4 Bf5 5.Nf3 e6 6.d3 h6 7.Nbd2 Bh7 8.Qe2 a5 9.a3
c5 10.g3 a4 11.Bh3 axb3 12.cxb3 Nc6 13.O-O Be7 14.g4 Qb6 15.Kh1 Qb5 16.f5 h5
17.g5 Ng4 18.g6 fxg6 19.Bxg7 Rg8 20.f6 Nxf6 21.Ng5 Rxg7 22.Nxe6 Kf7 23.Nc7 Qa5
24.Be6+ Kf8 25.Nxd5 g5 26.Nxf6 Bxf6 27.Rxf6+ Ke7 28.Raf1 Qc3 29.Qf3 Bxd3
30.Qd5 Bxf1 31.Qd7+ Kxf6 32.Ne4+ Ke5 33.Qd5# 1-0

[Event "FSIM June 2017"]
[Site "Budapest HUN"]
[Date "2017.06.10"]
[Round "8.4"]
[White "Pujari,R"]
[Black "Dewi,A"]
[Result "0-1"]
[WhiteElo "2199"]
[BlackElo "2157"]

1.b3 d5 2.Bb2 Bf5 3.e3 Nf6 4.f4 Bg4 5.Be2 Bxe2 6.Qxe2 Nbd7 7.Nf3 e6 8.O-O c6
9.Ne5 Nxe5 10.fxe5 Ng8 11.a4 Nh6 12.a5 Be7 13.a6 b5 14.e4 O-O 15.Kh1 f5
16.exd5 Qxd5 17.d4 Rab8 18.Rd1 Ng4 19.Nc3 Qd8 20.h3 Nh6 21.Qf3 Rb6 22.Bc1 Nf7
23.Be3 Ng5 24.Qe2 f4 25.Bg1 f3 26.gxf3 Nxh3 27.Ne4 Nxg1 28.Kxg1 Qc8 29.Nc5
Bxc5 30.dxc5 Rxa6 31.Rxa6 Qxa6 32.Qe4 h6 33.Qg6 Qc8 34.Rd6 Qe8 35.Qxe8 Rxe8
36.Rxc6 Kh7 37.Kf2 Kg6 38.f4 Kf5 39.Rc7 Kxf4 40.Rxg7 Kxe5 41.Rxa7 Kd5 42.Rc7
Rh8 43.Ke3 h5 44.c4+ bxc4 45.b4 h4 46.Rd7+ Kc6 47.Rd6+ Kc7 48.Kf2 h3 49.Kg1
h2+ 50.Kh1 Rd8 51.Rxe6 c3 52.Re7+ Rd7 53.Re2 Rd1+ 54.Kxh2 Rd2 {#R} 0-1

[Event "9th Capo d'Orso Open 2017"]
[Site "Porto Mannu Palau ITA"]
[Date "2017.06.08"]
[Round "7.9"]
[White "Deglmann,L"]
[Black "Feiler,J"]
[Result "1-0"]
[WhiteElo "2285"]
[BlackElo "2103"]

1.f4 g6 2.Nf3 d6 3.e4 Bg7 4.Bc4 e5 5.fxe5 dxe5 6.d3 Nc6 7.O-O Nh6 8.a4 O-O
9.Bg5 Qd6 10.Qd2 Ng4 11.h3 h6 12.hxg4 hxg5 13.Qxg5 Na5 14.Qh4 Bf6 15.g5 Bg7
16.Na3 Bd7 17.Qf2 Bxa4 18.Bb5 Bxb5 19.Nxb5 Qb6 20.Qxb6 cxb6 21.b4 Nc6 22.Nc7
Rac8 23.Nd5 b5 24.Nh2 f5 25.gxf6 Bh6 26.Ng4 Bd2 27.Rab1 Kf7 28.Rfd1 Bg5 29.Kf2
Ke6 30.c3 Rf7 31.Rh1 Rd8 32.Ke2 Nb8 33.Rh3 a6 34.Rbh1 Nd7 35.Rh7 Rdf8 36.d4
exd4 37.cxd4 Nxf6 38.Ndxf6 Bxf6 39.d5+ Kd6 40.Rxf7 Rxf7 41.Rf1 Ke7 42.d6+ Ke6
43.Nxf6 {#r} 1-0

[Event "9th Capo d'Orso Open 2017"]
[Site "Porto Mannu Palau ITA"]
[Date "2017.06.06"]
[Round "5.13"]
[White "Deglmann,L"]
[Black "Lenz,G"]
[Result "1-0"]
[WhiteElo "2285"]
[BlackElo "2031"]

1.f4 d5 2.Nf3 Nf6 3.g3 g6 4.Bg2 Bg7 5.O-O O-O 6.d3 b6 7.e4 e6 8.e5 Nfd7 9.c4
Bb7 10.Nc3 Qe7 11.cxd5 exd5 12.d4 f5 13.a4 Rd8 14.b3 Nf8 15.Ba3 Qe8 16.Nb5 Ne6
17.Ng5 Na6 18.g4 h6 19.Nxe6 Qxe6 20.Bh3 Bf8 21.gxf5 gxf5 22.Qh5 Bc8 23.Bxf8
Rxf8 24.Rac1 Rf7 25.Kh1 Kh7 26.Rg1 Bd7 27.Nxc7 Nxc7 28.Rxc7 Rc8 29.Rxa7 Rc3
30.Rxd7 {#r} 1-0

[Event "10th Mayors Cup Open 2017"]
[Site "Mumbai IND"]
[Date "2017.06.08"]
[Round "7.29"]
[White "Akash Pc,I"]
[Black "Kamdar,Udit"]
[Result "1-0"]
[WhiteElo "2282"]
[BlackElo "2028"]

1.Nf3 c6 2.b3 d5 3.Bb2 Nf6 4.g3 Nbd7 5.Bg2 Qc7 6.d3 e5 7.Nbd2 Bd6 8.e4 O-O
9.O-O Re8 10.Re1 b5 11.h3 d4 12.Nh4 Nb6 13.c3 c5 14.Rc1 Qd8 15.Nf5 Rb8 16.Nxd6
Qxd6 17.cxd4 cxd4 18.Rf1 Ba6 19.f4 Nfd7 20.Nf3 f6 21.fxe5 Nxe5 22.Nxd4 b4
23.Nf5 Qxd3 24.Rc7 Nf7 25.Qg4 g6 26.Rxf7 Kxf7 27.Nh6+ Ke7 28.Bxf6+ Kd6 29.Rd1
{#r} 1-0

[Event "44th OKU 2017"]
[Site "Utrecht NED"]
[Date "2017.06.10"]
[Round "2.1"]
[White "De Rooy,R"]
[Black "Horvath,Jo1"]
[Result "0-1"]
[WhiteElo "2176"]
[BlackElo "2541"]

1.Nf3 d6 2.d3 e5 3.e4 g6 4.g3 Bg7 5.Bg2 Ne7 6.O-O O-O 7.c3 c5 8.a3 Nbc6 9.b4
a6 10.Nbd2 h6 11.Nb3 b6 12.Bb2 Be6 13.Re1 Kh7 14.Nfd2 Qc7 15.Rc1 Qa7 16.Nc4
Rad8 17.Ne3 f5 18.Nd5 f4 19.gxf4 exf4 20.d4 c4 21.Nd2 b5 22.a4 Bg8 23.axb5
axb5 24.Ra1 Qb7 25.Nxe7 Nxe7 26.d5 g5 27.Qg4 Bf7 28.Nf3 Qd7 29.Qxd7 Rxd7
30.Bh3 Rb7 31.Ra6 Bh5 32.Nd4 g4 33.Bf1 Be5 34.Ra5 g3 35.Rxb5 gxf2+ {#R} 0-1

[Event "44th OKU 2017"]
[Site "Utrecht NED"]
[Date "2017.06.11"]
[Round "6.5"]
[White "Mulder,BP"]
[Black "Pruijssers,R"]
[Result "0-1"]
[WhiteElo "2142"]
[BlackElo "2502"]

1.Nf3 f5 2.b3 Nf6 3.Bb2 e6 4.g3 g6 5.Bg2 Bg7 6.O-O O-O 7.c4 a5 8.a3 Nc6 9.Qc2
d6 10.d4 Qe7 11.Nc3 e5 12.dxe5 Nxe5 13.Nd5 Nxd5 14.cxd5 Nxf3+ 15.Bxf3 f4
16.Bxg7 Qxg7 17.Rfc1 fxg3 18.hxg3 Rf7 19.Qc3 Qf8 20.Qd4 Bh3 21.Rc3 Re8 22.Rac1
Ree7 23.Re3 Rxe3 24.Qxe3 b6 25.Rc3 Qg7 26.Qe8+ Rf8 27.Qc6 Qd4 28.Rc1 Qb2
29.Qc3 Qxa3 30.g4 h5 31.gxh5 a4 32.hxg6 axb3 33.Qxc7 Bd7 34.Rd1 Qa4 35.Qxd6 b2
36.Rb1 Bf5 37.e4 Qa1 38.g7 Qxb1+ 39.Kh2 Kxg7 40.Qe7+ Rf7 41.Qe5+ Kh7 42.exf5
Qc1 43.Be4 Qh6+ 44.Kg1 Qg7+ 45.Qxg7+ Kxg7 46.Kf1 Kf6 47.Bd3 Rd7 48.Ke2 Rxd5
49.Bb1 Rc5 {#R} 0-1

[Event "9th Capo d'Orso Open 2017"]
[Site "Porto Mannu Palau ITA"]
[Date "2017.06.07"]
[Round "6.10"]
[White "Beshukova,Alina"]
[Black "Deglmann,L"]
[Result "0-1"]
[WhiteElo "2004"]
[BlackElo "2285"]

1.Nf3 f5 2.d3 Nc6 3.g3 Nf6 4.Bg2 g6 5.O-O Bg7 6.c4 O-O 7.Nc3 d6 8.Rb1 a5 9.a3
Nh5 10.Bd2 f4 11.b4 axb4 12.axb4 Bg4 13.c5 Kh8 14.b5 Nd4 15.cxd6 cxd6 16.e3
Nxf3+ 17.Bxf3 Bxf3 18.Qxf3 fxg3 19.Qxb7 gxh2+ 20.Kxh2 Rc8 21.Nd5 e6 22.Nb4
Qh4+ 23.Kg1 d5 24.f4 Qg3+ 25.Kh1 g5 26.fxg5 Be5 {#R} 0-1

[Event "18th ch-EUR Indiv 2017"]
[Site "Minsk BLR"]
[Date "2017.06.10"]
[Round "11.52"]
[White "Dastan,B"]
[Black "Oparin,G"]
[Result "0-1"]
[WhiteElo "2519"]
[BlackElo "2604"]

1.Nf3 Nf6 2.g3 b6 3.Bg2 Bb7 4.O-O e6 5.d3 d5 6.c4 Be7 7.Qc2 O-O 8.cxd5 Nxd5
9.a3 c5 10.d4 Nd7 11.e4 N5f6 12.Nc3 Rc8 13.Rd1 cxd4 14.Nxd4 Bc5 15.Qe2 Qe7
16.Be3 Ne5 17.b4 Bd6 18.Rac1 Bb8 19.Bg5 h6 20.Bxf6 Qxf6 21.f4 Rfd8 22.Nb3
Rxd1+ 23.Nxd1 Rxc1 24.Nxc1 Nc6 25.e5 Qe7 26.Qc4 Qd7 27.Qd3 Qc8 28.Ne2 a6
29.Ndc3 b5 30.Ne4 Ba7+ 31.Kf1 Ne7 32.Nd6 Bxg2+ 33.Kxg2 Qc6+ 34.Kh3 Nd5 35.f5
Ne3 36.Nf4 Qf3 37.Qe2 Qxe2 38.Nxe2 exf5 39.Nc8 Bb8 40.Ne7+ Kh7 41.Nd4 Bxe5
42.Ndxf5 Nxf5 43.Nxf5 Bb2 44.Ne3 Bxa3 45.Nd5 h5 46.g4 Kh6 47.Kg3 Bb2 48.Kf4 f6
{#R} 0-1

[Event "9th Capo d'Orso Open 2017"]
[Site "Porto Mannu Palau ITA"]
[Date "2017.06.06"]
[Round "4.9"]
[White "Rebers,E"]
[Black "Mantovani,R"]
[Result "1-0"]
[WhiteElo "2166"]
[BlackElo "2319"]

1.e4 d6 2.Nf3 Nf6 3.d3 g6 4.g3 Bg7 5.Bg2 O-O 6.O-O c5 7.Re1 Nc6 8.c3 e5 9.a3
Rb8 10.b4 b5 11.Nbd2 a5 12.bxa5 Qxa5 13.Bb2 Nd7 14.a4 b4 15.Nc4 Qc7 16.Nfd2
Nb6 17.Ne3 Ra8 18.cxb4 Nxb4 19.a5 Nd7 20.Ndc4 Nb8 21.Nb6 Ra7 22.Ned5 Nxd5
23.Nxd5 Qd8 24.Bc3 Nc6 25.Qd2 Be6 26.Reb1 Ne7 27.Rb6 Nxd5 28.exd5 Bf5 29.Rab1
Qe7 30.Be4 Bd7 31.Rb7 Rfa8 32.Rxa7 Rxa7 33.Rb8+ Bf8 34.Qb2 Bh3 35.Bd2 Qc7
36.Bh6 Bc8 37.Bxf8 Kxf8 38.Qb6 f5 39.Bf3 Rb7 40.Qxc7 Rxc7 41.a6 Ke7 42.a7 Rxa7
43.Rxc8 g5 44.g4 fxg4 45.Bxg4 Ra4 46.Bf5 h5 47.Kg2 Rf4 48.Be4 h4 49.f3 g4
50.fxg4 Rxg4+ 51.Kf3 Rf4+ 52.Ke3 Kd7 53.Rh8 Kc7 54.Rh7+ Kd8 55.h3 Kc8 56.Bf3
Rd4 57.Bg4+ Kb8 58.Be6 Rb4 59.Rh8+ Kc7 60.Rc8+ Kb7 61.Rc6 Rb6 62.Bd7 {#r} 1-0

[Event "9th Capo d'Orso Open 2017"]
[Site "Porto Mannu Palau ITA"]
[Date "2017.06.06"]
[Round "5.2"]
[White "Rebers,E"]
[Black "Marin,Mi"]
[Result "0-1"]
[WhiteElo "2166"]
[BlackElo "2528"]

1.Nf3 Nf6 2.g3 g6 3.Bg2 Bg7 4.O-O O-O 5.d3 d6 6.e4 c5 7.Re1 Nc6 8.c3 e5 9.a3
a5 10.a4 h6 11.Na3 Be6 12.Nd2 d5 13.exd5 Nxd5 14.Nac4 Qc7 15.Qb3 Rab8 16.Qb5
b6 17.Ne3 Nde7 18.Ndc4 Rfd8 19.Rd1 f5 20.Nf1 Nd5 21.f4 Ndb4 22.Bxc6 Nxc6
23.Nxe5 Bxe5 24.fxe5 g5 25.Ne3 Nxe5 26.Rf1 Qb7 27.d4 Nf3+ 28.Kf2 Nxh2 29.Rg1
cxd4 30.cxd4 Rbc8 31.Qe5 Rc2+ {#R} 0-1

[Event "CHN Team Men 2017"]
[Site "Beijing CHN"]
[Date "2017.06.12"]
[Round "7.2"]
[White "Yu Yangyi"]
[Black "Xu,Xiangyu"]
[Result "1-0"]
[WhiteElo "2749"]
[BlackElo "2536"]
[EventType "team"]

1.Nf3 Nf6 2.b3 b6 3.g3 Bb7 4.Bb2 e6 5.Bg2 c5 6.c4 Be7 7.O-O O-O 8.d4 d5 9.cxd5
Nxd5 10.dxc5 Bxc5 11.a3 a5 12.Nbd2 Na6 13.Qb1 Nf6 14.Ng5 {#r} 1-0

[Event "12th American Continental"]
[Site "Medellin COL"]
[Date "2017.06.10"]
[Round "1.36"]
[White "Pachon,A"]
[Black "Leiva,G"]
[Result "0-1"]
[WhiteElo "2006"]
[BlackElo "2449"]

1.b3 d5 2.Bb2 Bg4 3.Nf3 Nd7 4.e3 Ngf6 5.Be2 e6 6.c4 c6 7.O-O Bd6 8.Nc3 a6
9.Nd4 Bxe2 10.Qxe2 O-O 11.f4 Re8 12.cxd5 exd5 13.Nf5 Bf8 14.Nd1 a5 15.Nf2 g6
16.Ng3 Bg7 17.Nd3 Ne4 18.Bxg7 Kxg7 19.f5 Nef6 20.Ne4 dxe4 21.Nf4 Re5 {#R} 0-1

[Event "8th Dolomiti Open 2017"]
[Site "Forni di Sopra ITA"]
[Date "2017.06.11"]
[Round "2.2"]
[White "Rotstein,A"]
[Black "Pitzanti,Matteo"]
[Result "1-0"]
[WhiteElo "2495"]
[BlackElo "2242"]

1.Nf3 d5 2.g3 Nf6 3.Bg2 Nbd7 4.O-O e5 5.d3 Bd6 6.c4 c6 7.cxd5 cxd5 8.e4 d4
9.Nbd2 O-O 10.Nc4 Bc7 11.a4 Re8 12.Bd2 Nb6 13.Na5 Nbd7 14.b4 Bxa5 15.bxa5 b6
16.axb6 axb6 17.Bb4 Ba6 18.Ne1 h5 19.h3 h4 20.gxh4 Nh7 21.h5 Nc5 22.f4 exf4
23.Rxf4 Qc7 24.Rf2 Rac8 25.a5 Re6 26.Rc2 Bb5 27.axb6 Qxb6 28.Nf3 Rec6 29.Ne5
Re6 30.Qg4 Be8 31.h6 g5 32.Bd2 Qd8 33.Nf3 Rg6 34.Rac1 Bd7 35.Qg3 Nb3 36.Rxc8
Bxc8 {#r} 1-0

[Event "9th Capo d'Orso Open 2017"]
[Site "Porto Mannu Palau ITA"]
[Date "2017.06.08"]
[Round "7.1"]
[White "Rambaldi,Francesco"]
[Black "Brunello,S"]
[Result "1-0"]
[WhiteElo "2555"]
[BlackElo "2578"]

1.Nf3 d5 2.g3 Bg4 3.Bg2 c6 4.O-O e6 5.h3 Bh5 6.d4 Nd7 7.c4 dxc4 8.Qc2 Nb6
9.Rd1 Bxf3 10.Bxf3 Nf6 11.e4 Be7 12.Be3 O-O 13.Nd2 Ne8 14.a4 a5 15.b3 cxb3
16.Nxb3 Nd7 17.Nc5 Bxc5 18.dxc5 Qc7 19.Rd2 Nef6 20.Rad1 Rfd8 21.Qc3 e5 22.g4
Nf8 23.Rxd8 Rxd8 24.Rxd8 Qxd8 25.Qxe5 Qd3 26.g5 N6d7 27.Qc7 Qb3 28.Kh2 Qxa4
29.Qd6 Qc4 30.Bg4 {#r} 1-0

[Event "9th Capo d'Orso Open 2017"]
[Site "Porto Mannu Palau ITA"]
[Date "2017.06.08"]
[Round "7.4"]
[White "Beshukov,S"]
[Black "Studer,N"]
[Result "0-1"]
[WhiteElo "2404"]
[BlackElo "2489"]

1.Nf3 d5 2.g3 Bg4 3.Bg2 c6 4.O-O Nf6 5.d4 Nbd7 6.Nbd2 e6 7.Re1 Be7 8.e4 O-O
9.e5 Ne8 10.Nf1 c5 11.c3 Qb6 12.b3 Nc7 13.Bb2 Nb8 14.Ne3 Bxf3 15.Qxf3 Nc6
16.Red1 a5 17.Rab1 cxd4 18.cxd4 Nb5 19.Qg4 Bb4 20.Rbc1 Ba3 21.Bxa3 Nxa3 22.h4
Nb5 23.h5 Nbxd4 24.h6 g6 25.Kh1 Nb5 26.Qf4 f6 27.Nxd5 exd5 28.Bxd5+ Kh8
29.exf6 Ne7 30.f7 Qd6 31.Qg5 Rad8 32.a4 Nxd5 33.axb5 Qe6 34.Rd4 Nc3 35.Qd2 Ne2
{#R} 0-1

[Event "FSGM June 2017"]
[Site "Budapest HUN"]
[Date "2017.06.08"]
[Round "6.5"]
[White "Ikeda,J"]
[Black "Li Bo"]
[Result "1-0"]
[WhiteElo "2398"]
[BlackElo "2383"]

1.Nf3 d5 2.g3 Bg4 3.Bg2 Nd7 4.d3 c6 5.O-O e6 6.Nbd2 Bc5 7.b3 h5 8.h3 Qc7 9.d4
Bxf3 10.Nxf3 Bd6 11.c4 b6 12.e4 dxe4 13.Ng5 Ngf6 14.Nxe4 Nxe4 15.Bxe4 Nf6
16.Bg2 Rd8 17.Qe2 h4 18.g4 O-O 19.g5 Ne8 20.g6 Nf6 21.Bg5 fxg6 22.Rad1 Bf4
23.Qxe6+ Kh8 24.Bxf4 Qxf4 25.Qe5 Nh5 26.Bxc6 Rf6 27.Bg2 Rf5 28.Qxf4 Nxf4
29.Kh2 Rg5 30.Bf3 Kg8 31.Bg4 Ra5 32.a4 Kf7 33.Rfe1 Kf6 34.Re4 g5 35.Kg1 Rd6
36.Rde1 Rd8 37.d5 Rc5 38.Re7 a5 39.Rb7 Rd6 40.Ree7 g6 41.Re3 Nh5 42.Be6 g4
43.hxg4 Nf4 44.Rf7+ Kg5 45.Re5+ Kh6 46.g5+ Kh5 47.Rh7# 1-0

[Event "CHN Team Women 2017"]
[Site "Beijing CHN"]
[Date "2017.06.07"]
[Round "2.1"]
[White "Zhao Xue"]
[Black "Gu,T"]
[Result "1-0"]
[WhiteElo "2490"]
[BlackElo "2194"]
[EventType "team"]

1.Nf3 d5 2.g3 g6 3.Bg2 Bg7 4.O-O e5 5.c4 dxc4 6.Na3 Be6 7.Qc2 Nc6 8.Nxc4 Nh6
9.d3 Nf5 10.e3 O-O 11.Bd2 a5 12.Rfd1 f6 13.Be1 Re8 14.b3 Qd7 15.Rac1 Nfe7
16.Bc3 Nd5 17.Ba1 Ndb4 18.Qb1 Bg4 19.a3 Na6 20.Rd2 b5 21.Nb2 Ne7 22.Ne1 Rad8
23.a4 c5 24.Nc2 Be6 25.Na3 b4 26.Nac4 Nd5 27.Nxa5 Nc3 28.Qc2 e4 29.Bf1 Bf5
30.Nac4 Qe7 31.Re1 Nb8 32.Nd1 exd3 33.Bxd3 Rxd3 34.Rxd3 Qe4 35.Nd6 Qxd3
36.Qxd3 Bxd3 37.Nxe8 Ne4 38.Nb2 Bc2 39.Rc1 Bxb3 40.Nd3 Na6 41.f3 c4 42.Nxb4
Nxb4 43.fxe4 Nd3 44.Rf1 Bxa4 45.Nxg7 Kxg7 46.Rxf6 Kg8 47.e5 Nb4 48.e6 Nd5
49.Rf2 c3 50.e7 Nxe7 51.Bxc3 Bc6 52.Rf6 Bd5 53.Kf2 Nc6 54.g4 {#r} 1-0

[Event "18th ch-EUR Indiv 2017"]
[Site "Minsk BLR"]
[Date "2017.06.06"]
[Round "7.26"]
[White "Movsesian,S"]
[Black "Buhmann,R"]
[Result "1-0"]
[WhiteElo "2680"]
[BlackElo "2596"]

1.Nf3 d5 2.g3 c5 3.Bg2 Nc6 4.O-O e5 5.c4 d4 6.d3 Nf6 7.e3 Be7 8.exd4 exd4
9.Bf4 O-O 10.Ne5 Nxe5 11.Bxe5 Bd6 12.Bxf6 Qxf6 13.Nd2 Rb8 14.Re1 Bf5 15.Be4
Bd7 16.Bd5 Qg6 17.Ne4 b6 18.h4 Be7 19.h5 Qg4 20.Qxg4 Bxg4 21.f4 Bd7 22.Kg2
Rfe8 23.Kf3 Kf8 24.g4 f5 25.gxf5 Bxf5 26.Re2 Bd8 27.Rg1 Re7 28.Rg5 g6 29.Reg2
Rg7 30.h6 Bxe4+ 31.dxe4 Rc7 32.R5g4 Bf6 33.e5 Bh8 34.f5 Bxe5 35.fxg6 hxg6
36.Rxg6 {#r} 1-0

[Event "12th Teplice Open 2017"]
[Site "Teplice CZE"]
[Date "2017.06.11"]
[Round "2.2"]
[White "Freisler,P"]
[Black "Rausis,I"]
[Result "0-1"]
[WhiteElo "2257"]
[BlackElo "2617"]

1.Nf3 d5 2.c4 d4 3.e3 Nc6 4.exd4 Nxd4 5.Nxd4 Qxd4 6.Nc3 c6 7.d3 Nh6 8.Be3 Qd8
9.d4 Nf5 10.Qd2 g6 11.Be2 Bg7 12.Rd1 O-O 13.O-O Be6 14.d5 cxd5 15.Nxd5 Bxd5
16.cxd5 Nxe3 17.Qxe3 Bxb2 18.Qb3 Be5 19.Qxb7 Qb8 20.Qxb8 Raxb8 21.Bc4 Rb4
22.Bb3 a5 23.Rfe1 Bd6 24.Rb1 a4 25.Bc2 Rc4 26.Bd3 Rd4 27.Bc2 Rc8 28.Red1 Rxc2
29.Rxd4 Rxa2 30.Rbd1 a3 31.R4d2 Rxd2 32.Rxd2 Be5 33.Rc2 Kg7 34.Ra2 Bb2 35.f4
Kf6 36.Kf2 e5 37.dxe6 Kxe6 38.Ke3 Kd5 39.Kd3 f5 40.g3 Kc5 41.h3 h5 42.g4 h4
43.gxf5 gxf5 44.Kd2 Kd4 45.Ke2 Ke4 46.Kf1 Kf3 47.Ke1 Kg2 48.Ke2 Kxh3 49.Kf3
Kh2 {#R} 0-1

[Event "18th ch-EUR Indiv 2017"]
[Site "Minsk BLR"]
[Date "2017.06.10"]
[Round "11.65"]
[White "Haznedaroglu,K"]
[Black "Bartel,Mat"]
[Result "0-1"]
[WhiteElo "2510"]
[BlackElo "2637"]

1.c4 b6 2.Nf3 Bb7 3.g3 g6 4.Bg2 Bg7 5.O-O Nf6 6.d4 O-O 7.b3 e6 8.Bb2 Re8 9.Nc3
d5 10.Rc1 a6 11.e3 Nbd7 12.Qe2 dxc4 13.bxc4 c5 14.Rfd1 cxd4 15.exd4 Qc7 16.Nd2
Bxg2 17.Kxg2 e5 18.d5 e4 19.Nb3 Rac8 20.Na4 Qd6 21.c5 bxc5 22.Na5 Rb8 23.Nc4
Qf8 24.Ba3 Nh5 25.Nxc5 Nxc5 26.Na5 Ne6 27.Bxf8 Nef4+ 28.gxf4 Nxf4+ 29.Kf1 Nxe2
30.Bxg7 Nxc1 31.Bf6 Nd3 32.Nc6 Rb6 33.a4 a5 34.h4 Kf8 35.h5 gxh5 36.Bd4 Rb7
37.Be3 f5 38.Nxa5 Rd7 39.d6 f4 40.Bb6 Ra8 41.Bc7 f3 42.Nc4 Rg7 43.Nd2 Nc5 {#R}
0-1

[Event "8th Dolomiti Open 2017"]
[Site "Forni di Sopra ITA"]
[Date "2017.06.11"]
[Round "2.5"]
[White "Bruno,Fabi"]
[Black "Medancic,R"]
[Result "1-0"]
[WhiteElo "2427"]
[BlackElo "2221"]

1.c4 b6 2.Nf3 Bb7 3.g3 g6 4.Bg2 Bg7 5.O-O e6 6.Nc3 Ne7 7.d4 O-O 8.e4 d6 9.Be3
Nd7 10.Qd2 a6 11.Rfd1 d5 12.cxd5 exd5 13.e5 Re8 14.h4 Nf8 15.h5 Bc8 16.hxg6
hxg6 17.Bg5 c6 18.Re1 Nh7 19.Bf4 Be6 20.Rac1 Qd7 21.Na4 Rab8 22.b3 Rec8 23.Rc3
Nf5 24.Ng5 Nxg5 25.Bxg5 Bf8 26.g4 Nxd4 27.Qxd4 c5 28.Qf4 Bxg4 29.Bxd5 Qxd5
30.Qxg4 b5 31.Nb6 {#r} 1-0

[Event "18th ch-EUR Indiv 2017"]
[Site "Minsk BLR"]
[Date "2017.06.06"]
[Round "7.3"]
[White "Howell,D"]
[Black "Melkumyan,H"]
[Result "1-0"]
[WhiteElo "2684"]
[BlackElo "2613"]

1.c4 c6 2.Nc3 d5 3.d4 Nf6 4.cxd5 cxd5 5.Bf4 Nc6 6.e3 Bg4 7.Qb3 Na5 8.Qa4+ Bd7
9.Qc2 Rc8 10.Bd3 e6 11.Nf3 b5 12.a3 Be7 13.Qe2 a6 14.Ne5 O-O 15.O-O Qb6 16.a4
b4 17.Nb1 Ra8 18.Bg5 Be8 19.Nd2 h6 20.Bh4 Rc8 21.b3 Rc3 22.Rab1 Qc7 23.f3 Bd6
24.f4 Be7 25.Rfd1 Ne4 26.Bxe7 Qxe7 27.Bxe4 dxe4 28.Nxe4 Rxb3 29.Rxb3 Nxb3
30.Rb1 f6 31.Nc4 Bg6 32.Nxf6+ gxf6 33.Rxb3 Rc8 34.e4 Qd7 35.d5 exd5 36.exd5
Qxd5 37.Qg4 Rc7 38.Qxg6+ Rg7 39.Qe8+ Kh7 40.Qe2 Rxg2+ 41.Qxg2 Qd1+ 42.Kf2 Qxb3
43.Qe4+ Kg7 44.Nd6 Qc3 45.Qe7+ Kg8 46.Ne8 Qd4+ 47.Kg2 Qd5+ 48.Kg3 Qf7 49.Nxf6+
Kg7 50.Ne8+ Kg8 51.Nf6+ Kg7 52.Qxf7+ Kxf7 53.Nd5 b3 54.f5 b2 55.Nc3 h5 56.h4
Ke7 57.Kf4 Kd6 {#r} 1-0

[Event "10th Mayors Cup Open 2017"]
[Site "Mumbai IND"]
[Date "2017.06.11"]
[Round "10.33"]
[White "Ramakrishna,J"]
[Black "Satkar,Chirag"]
[Result "0-1"]
[WhiteElo "2157"]
[BlackElo "2041"]

1.c4 c6 2.Nf3 d5 3.e3 Nf6 4.b3 e6 5.Bb2 Nbd7 6.Be2 Bd6 7.O-O O-O 8.Nc3 b6
9.cxd5 cxd5 10.Nb5 Be7 11.Rc1 Bb7 12.a3 a6 13.Nbd4 Rc8 14.b4 b5 15.Nb3 Bd6
16.Bxf6 Qxf6 17.d4 Nb6 18.Nc5 Qe7 19.Qb3 h6 20.Rfd1 Rfd8 21.Bf1 Nc4 22.Rc2 Bc6
23.Nd2 Qa7 24.Nb1 a5 25.Nc3 Ra8 26.g3 Qb6 27.e4 axb4 28.axb4 Ra3 29.Qb1 dxe4
30.N3xe4 Be7 31.Ra2 Rda8 32.Rxa3 Rxa3 33.Qc1 {#R} 0-1

[Event "12th Teplice Open 2017"]
[Site "Teplice CZE"]
[Date "2017.06.10"]
[Round "1.5"]
[White "Stanescu,C"]
[Black "Sengupta,D"]
[Result "0-1"]
[WhiteElo "2051"]
[BlackElo "2594"]

1.c4 Nf6 2.g3 c6 3.Bg2 d5 4.Nf3 dxc4 5.Na3 b5 6.b3 cxb3 7.axb3 Bb7 8.Bb2 e6
9.Qc2 Na6 10.O-O Nb4 11.Qb1 Qb6 12.Nc2 Nxc2 13.Qxc2 c5 14.d4 Rc8 15.Qd2 c4
16.Rfc1 Ne4 17.Qe3 Bb4 18.bxc4 bxc4 19.Rc2 c3 20.Bc1 Nd6 21.Qf4 O-O 22.Ne5
Bxg2 23.Kxg2 Nf5 24.e3 a5 25.Qe4 Rc7 26.f3 Nd6 27.Qd3 Rd8 28.Qe2 Rdc8 29.g4
Nc4 30.Nd3 Qd6 31.Raa2 e5 32.dxe5 Nxe5 33.Nxe5 Qxe5 34.e4 Rd7 35.Be3 h5
36.gxh5 Qxh5 37.Ra1 Rcd8 38.Kh1 Rd3 39.Qf2 Rd1+ 40.Rxd1 Rxd1+ 41.Kg2 a4 {#R}
0-1